000 00638nam a22002537a 4500
003 UA-OsUOA
001 21342
007 ta
008 20031128b un ||||| |||| 00| 0 ukr d
100 _aДемківський А.В.
090 _a336.717.1
_bД30
942 _cBK
040 _aUA-OsUOA
_bukr
_cUA-OsUOA
_dUA-OsUOA
245 _aСучасний вексельний обіг
_bНавчальний посібник
300 _a138 с.
955 _a0
041 _aukr
080 _a336.717.1
020 _a966-7131-03-3
260 _aКиїв
_bЗнання
_c1996
044 _aUA
650 7 _2UDC
999 _c307537
_d307537